000
00196nam a22000857a 4500
999
_c
10949
_d
10949
008
180423b ||||| |||| 00| 0 eng d
100
_a
Pooranmal
_9
6753
245
_a
Mathematics-7
260
_a
New Delhi